Psicología organizacional e industrial (Registro nro. 6957)
[ vista simple ]
| 000 -CABECERA | |
|---|---|
| campo de control de longitud fija | 01432am a2200481a 44500 |
| 005 - FECHA Y HORA DE ACTUALIZACIÓN | |
| campo de control | 20170210105011.0 |
| 008 - LONGITUD FIJA | |
| campo de control de longitud fija | 150729b xxu||||| |||| 00| 0 spa d |
| 041 ## - IDIOMA | |
| Código de idioma del texto/pista de sonido o título separado | |
| 082 ## - CLASIFICACIÓN DECIMAL DEWEY | |
| Número de clasificación | 158.7 A662p |
| 100 ## - AUTOR PERSONAL | |
| Nombre de persona | Araque Perico, Julian |
| 100 ## - AUTOR PERSONAL | |
| Nombre de persona | Rivera Castañeda, Nicomedes |
| 245 ## - TÍTULO PROPIAMENTE DICHO | |
| Título | Psicología organizacional e industrial |
| 260 ## - PIE DE IMPRENTA | |
| Lugar de publicación, distribución, etc. | COLOMBIA |
| 260 ## - PIE DE IMPRENTA | |
| Nombre del editor, distribuidor, etc. | ECOE |
| 260 ## - PIE DE IMPRENTA | |
| Fecha de publicación, distribución, etc. | 2005 |
| 300 ## - DESCRIPCIÓN FÍSICA | |
| Extensión | 258 páginas |
| 650 ## - Materia General | |
| Materia general | PSICOLOGÍA INDUSTRIAL |
| 650 ## - Materia General | |
| Materia general | SOCIOLOGÍA INDUSTRIAL |
| 650 ## - Materia General | |
| Materia general | CONDUCTA HUMANA |
| 650 ## - Materia General | |
| Materia general | LIDERAZGO |
| 650 ## - Materia General | |
| Materia general | TEORÍA ORGANIZACIONAL |
| 650 ## - Materia General | |
| Materia general | LÍDER |
| 650 ## - Materia General | |
| Materia general | TEORÓA DEL CONTROL |
| 650 ## - Materia General | |
| Materia general | MOTIVACIÓN |
| 650 ## - Materia General | |
| Materia general | HISTORIA DE LA MOTIVACIÓN |
| 650 ## - Materia General | |
| Materia general | PUESTOS DE TRABAJO |
| 650 ## - Materia General | |
| Materia general | SELECCIÓN DE PERSONAL |
| 650 ## - Materia General | |
| Materia general | MITOS |
| 650 ## - Materia General | |
| Materia general | INTELIGENCIA |
| 650 ## - Materia General | |
| Materia general | IMÁGENES |
| 650 ## - Materia General | |
| Materia general | PERSONALIDAD |
| 650 ## - Materia General | |
| Materia general | SÍMBOLOS |
| 650 ## - Materia General | |
| Materia general | CUALIDADES HUMANAS |
| 650 ## - Materia General | |
| Materia general | CAPACITACIÓN |
| 650 ## - Materia General | |
| Materia general | ORGANIZACIÓN |
| 650 ## - Materia General | |
| Materia general | ADIESTRAMIENTO |
| 650 ## - Materia General | |
| Materia general | MASLOW, ABRAHAM |
| 650 ## - Materia General | |
| Materia general | PSICOLOGÍA DE LA ORGANIZACIÓN |
| 650 ## - Materia General | |
| Materia general | PSICOLOGÍA SOCIAL |
| 650 ## - Materia General | |
| Materia general | COMUNICACIÓN DE MASAS |
| 650 ## - Materia General | |
| Materia general | PODER POLÍTICO |
| 942 ## - Punto de Acceso Adicional Koha | |
| Tipo de ítem Koha | Libro |
| Estado perdido | Estado dañado | No para préstamo | Biblioteca permanente | Biblioteca actual | Signatura completa | Código de barras | Precio efectivo a partir del | Tipo de ítem |
|---|---|---|---|---|---|---|---|---|
| Departamento de Biblioteca y Documentación Alfonso Chase Brenes | Departamento de Biblioteca y Documentación Alfonso Chase Brenes | 158.7 A662p | 11973 | 10/02/2017 | Libro |